HANDBOOK OF CREATIVITY ASSESSMENT (Record no. 8262)

MARC details
000 -LEADER
fixed length control field 00353nam a2200133Ia 4500
008 - FIXED-LENGTH DATA ELEMENTS--GENERAL INFORMATION
fixed length control field 260604s9999 xx 000 0 und d
020 ## - INTERNATIONAL STANDARD BOOK NUMBER
International Standard Book Number 9781839102141
082 ## - DEWEY DECIMAL CLASSIFICATION NUMBER
Classification number 158.1 RUN
100 ## - MAIN ENTRY--PERSONAL NAME
Personal name RUNCO [M.]
9 (RLIN) 35443
245 #0 - TITLE STATEMENT
Title HANDBOOK OF CREATIVITY ASSESSMENT
260 ## - PUBLICATION, DISTRIBUTION, ETC.
Name of publisher, distributor, etc. EDWARD ELGAR
500 ## - GENERAL NOTE
General note Personal Development, Creativity, Handbook
942 ## - ADDED ENTRY ELEMENTS (KOHA)
Koha item type Book
Holdings
Date last seen Total Checkouts Full call number Barcode Cost, replacement price Price effective from Koha item type Lost status Damaged status Not for loan Withdrawn status Home library Current library Shelving location Date acquired Cost, normal purchase price BOOK NO
06/04/2026   158.1 RUN 003880 23494.89 06/04/2026 Book         Indian Institute of Management Visakhapatnam Indian Institute of Management Visakhapatnam   06/04/2026 23494.89 RUN

Copyright © 2024 Indian Institute of Management Visakhapatnam
Koha v23.05